000 00471nam a22001457a 4500
020 _a 8179924408
050 _aTP248.215
_b.F8 2009
100 _aMichael Fumento
245 _aBiotechnology :
_b how it is changing our life
260 _a Mumbai
_b Jaico printing.
_c2007
300 _a510 p. : 24 cm.
500 _aIncludes, index.
650 _b Biotechnology -- Popular works. Genetic engineering -- Popular works. Biotechnology.
_vBOOK
_xPB
942 _cGEN
999 _c543
_d543